Normal view
MARC view
- Numerical analysis
Entry Topical Term
001 - CONTROL NUMBER
- control field: 1808
003 - CONTROL NUMBER IDENTIFIER
- control field: NUST
005 - DATE AND TIME OF LATEST TRANSACTION
- control field: 20170601112840.0
008 - FIXED-LENGTH DATA ELEMENTS
- fixed length control field: 170601|| aca||aabn | a|a d
040 ## - CATALOGING SOURCE
- Original cataloging agency: NUST
- Transcribing agency: NUST
150 ## - HEADING--TOPICAL TERM
- Topical term or geographic name entry element: Numerical analysis
- General subdivision: Computer programs.
670 ## - SOURCE DATA FOUND
- Source citation: Work cat.: (NUST)23683: William H. Press 1807, Numerical recipes :, 2007.
